01142nam a2200289 u 450000100070000000500170000700800410002403500170006504000130008204100080009505000060010310000430010924500800015226000220023230000180025452001890027265000270046165000590048870000430054770000450059070000450063594200100068099900190069050200100070952600070071995201260072681945720260506093407.0021004nuuuuuuuu ||||||m| spa  a819457z2143 ccomduadb aspa 4aF10aCastaño G., Javier4auteaut937775010aPapel que juegan las empresas de servicios temporales en el mercado laboral b[sin publicador]. a125 páginas3 aLas empresas de servicios temporales y las ramas de actividad en las cuales hacen mayor enfasis, analisis de costos y ganancias y necesidad de reglamentacion para este tipo de empresas aEmpleo temporal951674 aTesis y disertaciones académicas de pregrado911333610aMelo G., Gloria Ines4auteaut937775110aVieira M., Marta Lucia4auteaut952995910aSierra García, Oliva4thseths9485256 cTESIS c259238d259238 b62c9 a62 001040708GENERALaCIEbCIEd2023-04-24iC787001l0oF/05002p61000004392553r2023-04-24 00:00:00t1w2023-04-24yTESIS